Pirotecnia (ensayo miedoso de literatura ultraísta).

Gardado en:
Detalles Bibliográficos
Autor Principal: Mundy, Hilda, 1912-1982 (autora)
Outros autores: Soldán, Edmundo Paz (prólogo)
Formato: Unknown
Idioma:inglés
Publicado: Santiago, Chile: Los Libros de la Mujer Rota, 2015.
Edición:Tercera edición.
Series:Colección Piezas escogidas.
Subjects:
Tags: Engadir etiqueta
Sen Etiquetas, Sexa o primeiro en etiquetar este rexistro!

MARC

LEADER 00000 a2200000 4500
003 CL-VaPUC
005 20230517100451.0
008 230512t2015 ||||| |||| 00| 0 eng d
999 |c 440814  |d 440812 
020 |a 978-956-9648-00-7 
040 |c Pontificia Universidad Católica de Valparaíso 
082 |a B861 MUN 2015  |2 22 
100 |a Mundy, Hilda,  |9 882144  |d 1912-1982  |e autora 
245 |a Pirotecnia  |b (ensayo miedoso de literatura ultraísta). 
250 |a Tercera edición.  
260 |a Santiago, Chile:   |b Los Libros de la Mujer Rota,   |c 2015. 
300 |a 108 páginas.  
490 |a Colección Piezas escogidas.  
583 |k GC  |c 20230512 
650 0 |9 341321  |a Literatura boliviana   |v Poesías  
650 0 |9 341322  |a Poesía boliviana   |x Feminismo  
650 0 |9 448832  |a Literatura feminista  |x Ultraísmo  |z Bolivia  
700 |9 882202  |a Soldán, Edmundo Paz  |e prólogo 
942 |2 ddc  |c BK 
952 |0 0  |1 0  |2 ddc  |4 0  |6 B_861_000000000000000_MUN_2015  |7 0  |8 A  |9 589990  |a BIBEDU  |b BIBEDU  |c GEN  |d 2023-05-11  |e 1  |g 9763.50  |i 5657392  |o B861 MUN 2015  |p 5657392  |r 2023-05-11  |t 1  |v 9763.50  |w 2023-05-11  |y BK  |k LIT 
952 |0 0  |1 0  |2 ddc  |4 0  |6 B_861_000000000000000_MUN_2015  |7 0  |8 A  |9 589991  |a BIBEDU  |b BIBEDU  |c GEN  |d 2023-05-11  |e 1  |g 9763.50  |i 5657393  |o B861 MUN 2015  |p 5657393  |r 2023-05-11  |t 2  |v 9763.50  |w 2023-05-11  |y BK  |k LIT